000 02013nam a22003017a 4500
001 113466
003 DR-UNIBE
005 20260423111547.0
008 250422b2024 dr ||||| |||| 00| 0 spa d
020 _a9789945251043 volumen I
020 _a9789945251142 volumen II
040 _aBIBLIOTECA UNIBE
_bspa
_cBIBLIOTECA UNIBE
_erda
041 _aspa
082 _222
_aRD 972.9303 R696v
100 0 _aRodríguez Morel, Genaro,
_d1955-
_eautor
_ecuidado de la edición
_983571
245 1 0 _aVisita y residencia hecha al gobernador don Antonio Osorio por Diego Gómez de Sandoval :
_b1608 /
_cGenaro Rodríguez Morel ; presentación: Frank Moya Pons; cuidado de edición : Genaro Rodríguez Morel ; presentación : Frank Moya Pons ; diagramación y diseño de portada : Yenifer De la Rosa ; índice onomástico, geográfico y temático : Genaro Rodríguez Morel
250 _aPrimera edición
260 _aSanto Domingo :
_bArchivo General de la Nación (AGN):
_bAcademia Dominicana de la Historia :
_bGrupo Mallén,
_c2024
300 _atomos :
_c25 x 17 cm
490 _a Archivo General de la Nación ;
_v504, 505
500 _aBiblioteca tiene tomo I y II. Información del autor en las solapas. Cubierta: documento facsimilar del expediente que recoge el juicio de residencai al gobernador de la Isla Española
505 _aPresentación | Tomo I. Archivo General de Indias Escribanía de Cámara Nº 11 (a) | Índice onomástico | Índice geográfico| Índice temático. Tomo II. Archivo General de Indias Escribanía de Cámara Nº 11 (a) No 1, pieza tercera Índice onomástico | Índice geográfico| Índice temático
600 7 _a Osorio y Villegas, Antonio,
_d1543-1608
_xCrítica e interpretación
_9204280
651 7 _aRepública Dominicana
_xHistoria
_y Época colonial-1608
_9194451
700 0 _aMoya Pons, Frank,
_q(Moya Pons, Rafael Francisco),
_d1944-
_epresentador
_9199245
700 1 0 _a De la Rosa, Yenifer
_ediagramador
_ediseñador de portada
_984991
942 _2ddc
_cBK
999 _c113466
_d113466